| 000 | 00480nam a2200169Ia 4500 | ||
|---|---|---|---|
| 003 | GCL | ||
| 008 | 140319s9999 xx 000 0 ara d | ||
| 040 |
_aGCL / _cGCL |
||
| 082 | 0 | 4 |
_a890 _bى م |
| 100 | 1 | _aياسر كمال | |
| 245 | 1 | 0 |
_aميميد النادر (هدية من الاديب عبدالفتاح الجمل) / _cياسر كمال |
| 700 | 1 | _aاحسان سركيس | |
| 490 | _a | ||
| 650 | 0 | 4 | _aالادب |
| 650 | 0 | 4 | _aالادب التركى |
| 942 |
_2ddc _cBK |
||
| 999 |
_c39647 _d39647 |
||